000 00588nam a22001817a 4500
999 _c194997
_d194997
005 20230207173828.0
010 _aENG-136144
020 _a9878184503616
_c680.00
035 _aEN-119676
037 _bDBAD/PUB
082 _a330.954
100 _aThakur, Anil Kumar
245 _aTeaching and Research in Economics/
_cAnil Kumar Thakur and S.S. Somra
260 _aNew Delhi
_bDeep Publications Pvt Ltd
_c2011
270 _aF-159, Rajouri Garden
_bNew Delhi
_e110027
_mddpbooks@yahoo.co.in
300 _axi, 176p.
_bIndex
_c23cm(hbk)
942 _2ddc
_cEN
_h330.954
_mTHA